Saulės giesmė (Запись № 13347795)

Подробности
000 -МАРКЕР
контрольное поле 01592nam0a2200373 4500
001 - ИДЕНТИФИКАТОР ЗАПИСИ
контрольное поле RU\NLR\BIBL_A\022435219
005 - ИДЕНТИФИКАТОР ВЕРСИИ
контрольное поле 20260405202055.0
035 ## - ДРУГИЕ СИСТЕМНЫЕ НОМЕРА
Идентификатор записи (NLR Aleph) 022435219
100 ## - ДАННЫЕ ОБЩЕЙ ОБРАБОТКИ
Данные общей обработки 20250124d1991 |||y0rusy50 ca
101 0# - ЯЗЫК РЕСУРСА
Язык текста, звукозаписи и т.д. литовский
102 ## - СТРАНА ПУБЛИКАЦИИ ИЛИ ПРОИЗВОДСТВА
Страна публикации Литва
105 ## - ПОЛЕ КОДИРОВАННЫХ ДАННЫХ: ТЕКСТОВЫЕ МАТЕРИАЛЫ, МОНОГРАФИЧЕСКИЕ
Кодированные данные о монографическом текстовом документе ah z 000yy
181 #0 - ПОЛЕ КОДИРОВАННЫХ ДАННЫХ: ВИД СОДЕРЖАНИЯ
Код вида содержания (ISBD) i3
Код характеристики содержания (ISBD) axxe
182 #0 - ПОЛЕ КОДИРОВАННЫХ ДАННЫХ: ТИП СРЕДСТВА
Код типа средства (ISBD) n - непосредственное
200 1# - ЗАГЛАВИЕ И СВЕДЕНИЯ ОБ ОТВЕТСТВЕННОСТИ
Основное заглавие Saulės giesmė
Сведения, относящиеся к заглавию [šventasis Pranciškus Asyžietis kaip krikščioniškojo gyvenimo šauklys]
Первые сведения об ответственности Antanas Maceina
203 ## - ВИД СОДЕРЖАНИЯ И ТИП СРЕДСТВА
Вид содержания Текст
Дополнительные сведения об издании визуальный
Тип средства непосредственный
205 ## - СВЕДЕНИЯ ОБ ИЗДАНИИ
Сведения об издании 2-as fotogr. leid.
210 ## - ПУБЛИКАЦИЯ, РАСПРОСТРАНЕНИЕ И ДР.
Место издания, распространения и т.д. Vilnius
Имя издателя, распространителя и т. д. Katalikų pasaulis
Дата издания, распространения и т.д. 1991
215 ## - ФИЗИЧЕСКАЯ ХАРАКТЕРИСТИКА
Специфическое обозначение материала и объем 454 с.
Другие сведения о физической характеристике ил., факс.
Размеры 21
225 1# - СЕРИЯ
Основное заглавие серии Gyvoji dvasia
Обозначение тома 3
541 1# - ПЕРЕВОД ЗАГЛАВИЯ, СДЕЛАННЫЙ КАТАЛОГИЗАТОРОМ
Связь между полями z01790
Заглавие [Песня Солнца
Сведения, относящиеся к заглавию Святой Франциск Ассизский как вестник христианской жизни]
Язык заглавия русский
600 #0 - ИМЯ ЛИЦА КАК ПРЕДМЕТ
Начальный элемент ввода Франциск Ассизский
Даты 1182 - 1226
Системный номер авторитетной/нормативной записи 1654405
Идентификатор авторитетной/нормативной записи RU\NLR\AUTH\661031190
686 1# - ИНДЕКСЫ ДРУГИХ КЛАССИФИКАЦИЙ
Индекс Ш5(4Ит)42-4Франциск Ассизский
686 2# - ИНДЕКСЫ ДРУГИХ КЛАССИФИКАЦИЙ
Индекс Э375-574.8
700 #1 - ИМЯ ЛИЦА - ПЕРВИЧНАЯ ОТВЕТСТВЕННОСТЬ
Код отношения Автор
Графика поля Латинская
Материалы, к которым относится поле lit
Начальный элемент ввода Maceina
Часть имени, кроме начального элемента ввода A.
Даты 1908-1987
Расширение инициалов личного имени Antanas
Системный номер авторитетной/нормативной записи 248407
Идентификатор авторитетной/нормативной записи RU\NLR\AUTH\770248463
702 #0 - ИМЯ ЛИЦА - ВТОРИЧНАЯ ОТВЕТСТВЕННОСТЬ
Код отношения Прочие
Графика поля Латинская
Материалы, к которым относится поле ita
Начальный элемент ввода Francesco d'Assisi
Дополнения к именам, кроме дат святой
Даты 1182-1226
Системный номер авторитетной/нормативной записи 72503
Идентификатор авторитетной/нормативной записи RU\NLR\AUTH\7789576
790 #1 - ИМЯ ЛИЦА - АЛЬТЕРНАТИВНАЯ ФОРМА
Код отношения Автор
Графика поля Кириллица
Материалы, к которым относится поле rus
Начальный элемент ввода Мацейна
Часть имени, кроме начального элемента ввода А.
Даты 1908-1987
Расширение инициалов личного имени Антанас
Системный номер авторитетной/нормативной записи 248404
Идентификатор авторитетной/нормативной записи RU\NLR\AUTH\770248460
942 ## - ДОПОЛНИТЕЛЬНЫЕ ЭЛЕМЕНТЫ ЗАПИСИ (АБИС)
Тип экземпляра АБИС Книга
980 ## - КОЛЛЕКЦИЯ
Название коллекции Национальная библиография
Экземпляры
Тип экземпляра Дата поступления Источник поступления Стоимость Библиотека постоянного хранения Библиотека текущего хранения Место хранения Шифр хранения Штрих-код Статус экземпляра
Книга 24.01.2025 Зарубежный дар 700.00 РНБ (Московский) РНБ (Московский) Фонд национальных литератур, ин. ОНЛ Литов./3-18241 1-1541518